Polyelektrolytické vlastnosti lignosulfonátov bakalárska práca

Saved in:
Bibliographic Details
Main Author: Lauko, Tomáš
Format: Book
Language:Slovak
Published: Bratislava STU FCHPT 2013
Online Access:View in OPAC
Tags: Add Tag
No Tags, Be the first to tag this record!

MARC

LEADER 00000nam a2200000 a 4500
005 20260127134214.0
008 131203 2013 000 0 slo d
035 |a vtls010562256 
039 9 |y 201312031125  |z mschk03 
040 |a STUSCHK1  |b slo  |c STUSCHK1  |e AACR2 
100 1 |a Lauko, Tomáš 
245 1 |a Polyelektrolytické vlastnosti lignosulfonátov  |b bakalárska práca  |c Tomáš Lauko 
260 |a Bratislava  |b STU FCHPT  |c 2013 
300 |a 44 s.  |b il.  |c 30 cm 
500 |a Obhájené: júl 2013 
500 |a Štud. program: Chémia, medicínska chémia a chemické materiály 
500 |a Štud. odbor: Chémia, chemické technológie 
500 |a Škol. pracovisko: Odd. chemickej technológie dreva, celulózy a papiera 
500 |a Evid. číslo: FCHPT-13569-43514 
910 |a SCHK95 
999 |c 6666  |d 6666